000 00317nam a22001457a 4500
008 230508b ||||| |||| 00| 0 eng d
020 _a9780838911617
041 _aeng
080 _a338
082 _a338FAR
100 _a22
101 _aMENAXH
245 _aMANAGING IN THE MIDDLE
_cFARRELL.R
942 _2udc
_cBK
999 _c59667
_d59667